000
00333 a2200157 4500
001
62664
020
_a
8532237835
040
_c
Anchieta - Pituba
100
_a
Bonjorno, José Roberto
240
1
0
_a
Temas de física 3
_l
por
245
1
0
_a
Temas de física 3
300
_a
367
362
0
_a
1997
650
4
_a
Física
942
_c
BK
999
_c
62664
_d
62664